000
00272nam a2200109Ia 4500
008
240731s9999 xx 000 0 und d
245
4
_a
The Social Policy Journal
260
_b
Routledge
856
_u
https://www.tandfonline.com/loi/wzsp20
942
_2
ddc
942
_c
TFEJ
999
_c
80113
_d
80113
945
_a
1
_b
Madushi Gamage
_c
1
_d
Madushi Gamage